000 nam a22 7a 4500
999 _c8560
_d8560
008 180118b ||||| |||| 00| 0 eng d
100 _94943
_aCHIDAMBARA.M.P
245 _aROBOTS AND ROBOTICS
260 _aNEW DELHI
_bNBT
_c2015